000 00553cam a22002291 4500
001 sa 65003433
003 DLC
005 20260227112123.0
008 890710s1964 ii 000 0 malo
010 _asa 65003433
035 _a(OCoLC)19987179
040 _aDLC
_cWaU
_dDLC
042 _apremarc
050 0 0 _aPL4718.9.J59
_bU3
100 1 _aJoseph, C. A.,
_d1910-
245 1 0 _aUdayattilēykkȧ.
260 _c[1964]
300 _a66 p.
_c19 cm.
500 _aIn Malayalam.
500 _aA poem.
600 0 0 _aMary Magdalene,
_cSaint
_vPoetry.
999 _c63153
_d63153